| 000 | 01256nam a2200241 i 4500 | ||
|---|---|---|---|
| 001 | 153773 | ||
| 003 | ES-MaACL | ||
| 005 | 20250827062632.0 | ||
| 008 | 010905q1891 sp |||| | spa d | ||
| 110 | 1 |
_aEspaña _93622 |
|
| 240 | 1 | 0 | _aLeyes, etc., civiles |
| 245 | 1 | 0 |
_aLeyes civiles de España conforme a los textos oficiales _b: contiene este volumen los códigos civil y de comercio, la Ley hipotecaria, la de enjuiciamiento civil, la orgánica del poder judicial, los aranceles judiciales y la Constitución de 1876 ; ... con notas y concordancias y con índices alfabéticos, cronológicos y por materias / _cpor León Medina [y] Manuel Marañón. |
| 260 |
_aMadrid : _b[s.n., _c1891] ( _fImp. y Fundición de Manuel Tello) |
||
| 300 |
_a1 v. (pag. var.) ; _c17 cm. |
||
| 490 | 1 | _aBiblioteca manual de derecho español | |
| 596 | _aEn la p. 8 del índice cronológico consta 1889, y en la cub. 1891. | ||
| 650 | 0 | 4 |
_aDerecho civil- _zEspaña- _vLegislación _911663 |
| 700 | 1 |
_aMedina, León. _979703 |
|
| 700 | 1 |
_aMarañón, Manuel. _976316 |
|
| 830 | 1 |
_aBiblioteca manual de derecho español _9221439 |
|
| 852 |
_aES-MaACL _jD-1584 _z- Enc. hol. deteriorada, falto de port. y de algunas páginas |
||
| 999 |
_c153773 _d153773 |
||